Statistiques concernant Les meilleurs airs ou chansons par période

Cliquez ici pour prendre le quiz!

Statistiques générales

  • Ce quiz a été pris 68 fois
  • Le résultat moyen est 54 sur 100

Statistiques - réponses

ThèmeRangCompositeur / InterprèteTitre% Correct
Chansons des années 80 en français5Marc LavoineElle a les yeux {revolver}
97%
Chansons des années 50 en français1Jacques BrelNe {me} quitte pas
97%
Chansons des années 2000 en français4Stromae{Alors} on danse
95%
Chansons des années 80 en français3Peter et SloaneBesoin de rien, {envie} de toi
95%
Chansons des années 50 en français4Edith PiafHymne à l'{amour}
95%
Chansons des années 2000 en français1IndochineJ'ai {demandé} à la Lune
94%
Chansons des années 2010 en français1Angèle{Balance} ton quoi
92%
Chansons des années 2010 en français3IndilaDernière {danse}
92%
Chansons des années 80 en français2France GallIl jouait du {piano} debout
92%
Chansons des années 90 en français5IAMJe {danse} le Mia
92%
Chansons des années 70 en français4Francis CabrelJe t'{aime} à mourir
92%
Chansons des années 60 en français2Sylvie VartanLa plus {belle} pour aller danser
91%
Chansons des années 2010 en français2Fréro DelavegaLe {chant} des sirènes
89%
Chansons des années 2000 en français2Kyo{Dernière} danse
84%
Chansons des années 90 en français1Louise AttaqueJ't'emmène au {vent}
84%
Chansons des années 60 en français3Claude François{Belles}, belles, belles
83%
Chansons des années 80 pour danser2Michael Jackson{Billie} Jean
83%
Chansons des années 80 en anglais1Michael JacksonBillie {Jean}
83%
Chansons des années 2000 en anglais2BeyonceCrazy {in} love
83%
Chansons des années 70 en français2Michel SardouLa {maladie} d'amour
81%
Chansons des années 80 en français1IndochineL'{aventurier}
81%
Chansons des années 50 en français5Henri Salvador{Maladie} d'amour
81%
Chansons des années 2010 anglaises1Ed Sheeran{Shape} of you
81%
Chansons des années 70 en anglais5ABBA{Dancing} queen
80%
Chansons des années 2010 anglaises2Adele{Someone} like you
80%
Chansons des années 70 en français1Serge LamaJe suis {malade}
78%
Chansons des années 70 en anglais3EaglesHotel {California}
77%
Chansons des années 80 en anglais3QueenI want to {break} free
75%
Chansons des années 90 pour danser5Aqua{Barbie} girl
73%
Chansons des années 2000 en français3Gérard de PalmasJ'en rêve {encore}
73%
Chansons des années 80 pour danser5Wham !Wake me up {before} you Go-Go
73%
Chansons des années 70 pour danser2Village peopleY{MCA}
73%
Chansons des années 2010 américaines3Pharrell WilliamsHappy
72%
Chansons des années 60 pour danser3The Turtles{Happy} together
72%
Chansons des années 90 en français3Michel BergerLe {paradis} blanc
70%
Chansons des années 70 en français3ChristopheLes {mots} bleus
70%
Chansons des années 50 en anglais3Elvis Presley{Love} me tender
70%
Chansons des années 60 en anglais2Led ZeppelinWhole Lotta {love}
70%
Chansons des années 80 en anglais4Michael Jackson{Beat} it
69%
Chansons des années 60 pour danser5James BrownI {feel} good
69%
Chansons des années 80 pour danser3Let's GrooveEarth, {Wind} & Fire
67%
Chansons des années 2010 en français4Julien DoréParis {Seychelles}
67%
Chansons des années 2000 pour danser2Beyonce{Crazy} in love
66%
Chansons des années 2000 en anglais5Justin Timberlake{Cry} me a river
66%
Chansons des années 70 pour danser5Boney M.{Daddy} cool
66%
Chansons des années 90 pour danser4Daft Punk{Around} the world
64%
Chansons des années 90 pour danser2Spice GirlsWannabe
61%
Chansons des années 90 en anglais5Spice girlsWannabe
61%
Chansons des années 80 en anglais5ScorpionsStill {loving} you
59%
Chansons des années 2000 en français5Yannick NoahAux {arbres} citoyens
56%
Chansons des années 90 en français4Axelle RedSensualité
56%
Chansons des années 60 en français1Johnny HallydayL'{idole} des jeunes
53%
Chansons des années 60 en français4France GallSacré {Charlemagne}
53%
Chansons des années 2000 pour danser5David GuettaLove don't let me {go}
52%
Chansons des années 2010 américaines5ShakiraWaka waka
52%
Chansons des années 50 en français3Line RenaudEtoile des {neiges}
48%
Chansons des années 2000 pour danser3OutkastHey {ya} !
48%
Chansons des années 90 en anglais2R.E.M.Losing my {religion}
45%
Chansons des années 90 en français2Alain Bashung{Osez} Joséphine
45%
Chansons des années 80 en français4Alain Bashung{Vertige} de l'amour
45%
Chansons des années 90 en anglais3OasisWonderwall
45%
Chansons des années 90 en anglais1Nirvana{Smells} like teen spirit
44%
Chansons des années 80 pour danser4Eurythmics{Sweat} dreams
44%
Chansons des années 80 en anglais2Bonnie TylerTotal {eclipse} of the heart
42%
Chansons des années 70 en anglais1Carl DouglasKung Fu {fighting}
39%
Chansons des années 2010 en français5CalogeroLe {portrait}
38%
Chansons des années 2010 américaines2Justin BieberLove {yourself}
38%
Chansons des années 2000 en anglais1Amy WinehouseRehab
38%
Chansons des années 70 pour danser4Michael JacksonDon't {stop}'til you get enough
36%
Chansons des années 70 pour danser3Bee Gees{Night} fever
36%
Chansons des années 2000 pour danser4Sean Paul{Give} it up to me
33%
Chansons des années 60 pour danser4Beach BoysI {get} around
33%
Chansons des années 60 en anglais5The AnimalsThe {house} of the rising sun
33%
Chansons des années 80 pour danser1Jean-Pierre MaderMacumba
31%
Chansons des années 2010 anglaises4Clean Bandit{Rather} be
30%
Chansons des années 60 en anglais1Rolling StonesSympathie pour the {Devil}
30%
Chansons des années 70 pour danser1ChicLe {freak}
27%
Chansons des années 2010 anglaises5AdeleSkyfall
27%
Chansons des années 60 en anglais4David BowieSpace {oddity}
27%
Chansons des années 2010 américaines4RihannaDiamonds
25%
Chansons des années 70 en français5Johnny HallydayJ'ai {oublié} de vivre
25%
Chansons des années 50 en français2Félix LeclercLe {petit} bonheur
25%
Chansons des années 50 en anglais2Bill Haley & the CometsRock around the {clock}
25%
Chansons des années 60 en anglais3The BeattlesA {day} in the life
23%
Chansons des années 60 pour danser2The BeattlesTwist and {Shout}
23%
Chansons des années 2010 anglaises3ColdplayParadise
19%
Chansons des années 70 en anglais2David Bowie{Rebel} rebel
17%
Chansons des années 70 en anglais4Billy PaulMe and Mrs {Jones}
16%
Chansons des années 2000 pour danser1MIAPaper {planes}
14%
Chansons des années 2010 américaines1Lady GagaShallow
14%
Chansons des années 90 pour danser1JamiroquaiVirtual {insanity}
13%
Chansons des années 2000 en anglais4EminemStan
11%
Chansons des années 2000 en anglais3Jay-Z{99} problems
8%
Chansons des années 90 pour danser3SupergrassAlright
8%
Chansons des années 90 en anglais4SupergrassAlright
8%
Chansons des années 60 en français5DalidaEnfants du {Pirée}
8%
Chansons des années 60 pour danser1Chubby CheckerThe {twist}
8%
Chansons des années 50 en anglais5Fats Domino{Blueberry} Hill
3%
Chansons des années 50 en anglais1The ChordettesLollipop
2%
Chansons des années 50 en anglais4Frankie LymonWhy do {fools} fall in love
2%

Distribution des résultats

Percentile par nombre de réponses

% des personnes avec chaque résultat

Votre développement - résultats

Vous n’avez pas pris ce quiz